[Event "Sochi ChessAmateur op10"]
[Site "Sochi"]
[Date "2018.10.16"]
[Round "7"]
[White "Baghyan, Van"]
[Black "Lystsov, Leonid"]
[Result "0-1"]
[WhiteElo "1215"]
[BlackElo "2288"]
[PlyCount "76"]
[EventDate "2018.10.12"]
[EventType "swiss"]
[EventRounds "9"]
[EventCountry "RUS"]
[SourceTitle "CBM 187 Extra"]
[Source "ChessBase"]
[SourceDate "2018.11.04"]
[SourceVersion "1"]
[SourceVersionDate "2018.11.04"]
[SourceQuality "1"]

1. d4 Nf6 2. c4 c5 3. d5 g6 4. Nc3 Bg7 5. e4 d6 6. Be3 0-0 7. f3 e6 8. Nge2 exd5 9. cxd5 a6 10. a4 Nbd7 11. Qd2 Rb8 12. Bf4 Qe7 13. g4 Ne5 14. Bxe5 Qxe5 15. Ng3 Bd7 16. g5 Ne8 17. f4 Qe7 18. Be2 f5 19. h4 fxe4 20. Ngxe4 b5 21. axb5 axb5 22. Ng3 b4 23. Nce4 Bf5 24. Nxf5 Qxe4 25. Ng3 Qxf4 26. Qxf4 Rxf4 27. 0-0-0 b3 28. Rdf1 Ra4 29. h5 Ra2 30. Bg4 Bxb2+ 31. Kb1 Nc7 32. hxg6 Be5 33. gxh7+ Kh8 34. Kc1 b2+ 35. Kb1 Ra1+ 36. Kc2 Rxf1 37. Rxf1 Bxg3 38. g6 Be5 0-1

[Event "Sochi ChessAmateur op10"]
[Site "Sochi"]
[Date "2018.10.13"]
[Round "2"]
[White "Baghyan, Van"]
[Black "Oganesian, Andranik"]
[Result "0-1"]
[WhiteElo "1215"]
[BlackElo "1967"]
[PlyCount "126"]
[EventDate "2018.10.12"]
[EventType "swiss"]
[EventRounds "9"]
[EventCountry "RUS"]
[SourceTitle "CBM 187 Extra"]
[Source "ChessBase"]
[SourceDate "2018.11.04"]
[SourceVersion "1"]
[SourceVersionDate "2018.11.04"]
[SourceQuality "1"]

1. d4 Nf6 2. c4 e5 3. dxe5 Ne4 4. Nf3 d6 5. Nbd2 Bf5 6. Nxe4 Bxe4 7. Ng5 Bc6 8. e6 fxe6 9. Nxe6 Qe7 10. Nd4 g6 11. Nxc6 Nxc6 12. Qb3 0-0-0 13. Be3 Bg7 14. g3 Qe4 15. Bh3+ Kb8 16. 0-0 Nd4 17. Bxd4 Qxd4 18. Bg2 Qxb2 19. Qxb2 Bxb2 20. Rab1 Bd4 21. Rxb7+ Kc8 22. Rb5 Bb6 23. a4 a5 24. Rc1 Rde8 25. e3 Rhf8 26. Bh3+ Kd8 27. Rd1 Ke7 28. Bg2 Rf6 29. Rd2 Kf8 30. Re2 Kg7 31. Bc6 Re7 32. Bg2 Rfe6 33. Bc6 Re5 34. Rxe5 Rxe5 35. Bd5 g5 36. h3 Kf6 37. Kf1 Re8 38. f4 Rxe3 39. Rxe3 Bxe3 40. Ke2 gxf4 41. Kf3 Ke5 42. Be4 h6 43. g4 Kd4 44. Bd5 Kc5 45. h4 c6 46. Bf7 Kb4 47. Be8 Kxa4 48. Bxc6+ Kb4 49. Bd5 a4 50. Ke2 a3 51. c5 dxc5 52. Kd1 Kc3 53. g5 hxg5 54. hxg5 Kb2 55. g6 Bd4 56. Ke2 a2 57. Bxa2 Kxa2 58. Kf3 Kb3 59. Kxf4 c4 60. Kf3 c3 61. Ke2 c2 62. Kd2 Kb2 63. g7 Bxg7 0-1